000 00398nam a2200145Ia 4500
005 20260304114107.0
022 _a1115-2613
050 _aR118. N54
245 0 _aNigerian Journal of Medicine
250 _aVol. 34, No. 1
260 _aNigeria
_bNigeiran Association of Resident Doctor
_c2025
300 _aiv, 107 p. :ill. ; 28 cm.
650 _aMedicine--Nigeria--Periodicals.
942 _cSR
_2lcc
999 _c44089
_d44089